| 000 | 00727cam a2200193 4500 | ||
|---|---|---|---|
| 001 | L130027 | ||
| 008 | 050616n1997 000 0 eng u | ||
| 020 | _a1857286375 | ||
| 035 | _a(Sirsi) u130027 | ||
| 041 | _aeng | ||
| 050 |
_a333.912 _c18 |
||
| 100 | _aMerrett, Stephen | ||
| 245 |
_aIntorduction to the economics of water resources _ban international perspective |
||
| 260 |
_aLondon _bUCL Press _c1997 |
||
| 300 |
_axv, 211p. _c24cm. |
||
| 520 | _aThis accessible text presents the economics of water supply and consumption studying the effects of water use by households, agriculture and industry on the natural environment. | ||
| 690 | _aENVIRONMENTAL AND LAND CONSULTANCY-WATER RESOURCE MANAGEMENT | ||
| 942 | _n0 | ||
| 999 |
_c104332 _d104332 |
||